000 00354nam a2200145Ia 4500
008 191201s2008 xx 000 0 und d
082 _a005.131
_bKLF
100 _aKLIR, George J
245 0 _aFuzzy Sets and Fuzzy Logic: Theory and Applications
250 _aRep.
260 _aN.Delhi
_bPHI
_c2008
300 _a574
650 _aMCA
942 _2ddc
_cBK
999 _c3766
_d3766